[Event "Landesliga Nord 1011"]
[Site "Bayern"]
[Date "2011.02.27"]
[Round "7.8"]
[White "Grafl, Pascal"]
[Black "Strobel, Norbert"]
[Result "1/2-1/2"]
[WhiteElo "1960"]
[BlackElo "1966"]
[PlyCount "151"]
[EventDate "2010.10.10"]
[EventType "team-tourn"]
[EventRounds "9"]
[EventCountry "GER"]
[SourceTitle "EXT 2012"]
[Source "ChessBase"]
[SourceDate "2011.11.24"]
[SourceVersion "1"]
[SourceVersionDate "2011.11.24"]
[SourceQuality "1"]
[WhiteTeam "Kelheim"]
[BlackTeam "Zirndorf"]
[WhiteTeamCountry "GER"]
[BlackTeamCountry "GER"]

1. e4 c6 2. c4 g6 3. d4 Bg7 4. Nf3 d6 5. h3 Na6 6. Nc3 Rb8 7. Be3 Qa5 8. a3 c5 9. Be2 Nf6 10. 0-0 0-0 11. Qd2 Rd8 12. Rfd1 Bd7 13. b4 Qb6 14. b5 cxd4 15. Bxd4 Nc5 16. Qe3 Qa5 17. e5 Ne8 18. Nd5 Bf8 19. exd6 exd6 20. Bc3 Qa4 21. Ne7+ Bxe7 22. Qxe7 Qc2 23. Ng5 Be6 24. Rac1 Qxe2 25. Nxf7 Qxd1+ 26. Rxd1 Bxf7 27. Rd4 Rd7 28. Qe3 Ng7 29. Rxd6 Rxd6 30. Qe5 Nce6 31. Qxd6 Rc8 32. Be5 Ne8 33. Qd7 Rxc4 34. Qxb7 Ra4 35. Bb8 Rxa3 36. Bxa7 Rb3 37. Qc6 N6c7 38. b6 Nb5 39. Qa8 Rb1+ 40. Kh2 Nbd6 41. Qc6 Rb5 42. Qxb5 Nxb5 43. b7 Nxa7 44. b8Q Nc6 45. Qc8 Ne7 46. Qc5 Nd5 47. Qd4 h5 48. g3 Ng7 49. Qe5 Be6 50. Kg2 Kh7 51. f4 Ne7 52. g4 hxg4 53. hxg4 Ng8 54. g5 Ne7 55. Kf2 Nef5 56. Ke1 Bf7 57. Kd2 Ne6 58. Kc3 Kg8 59. Kb4 Nfd4 60. Qe4 Nf5 61. Ka5 Nd6 62. Qd5 Nf5 63. Qe5 Ne7 64. Kb6 Nxf4 65. Kc7 Ne6+ 66. Kd7 Nf5 67. Qb8+ Nf8+ 68. Kc6 Ng7 69. Kd6 Nf5+ 70. Ke5 Ne7 71. Kf6 Nd5+ 72. Ke5 Kg7 73. Qb2 Kg8 74. Qb8 Kg7 75. Qb2 Kg8 76. Qb8 1/2-1/2

[Event "GER-chT U20"]
[Site "Kelheim"]
[Date "2007.12.30"]
[Round "7.3"]
[White "Suess, Stefan"]
[Black "Grafl, Pascal"]
[Result "0-1"]
[WhiteElo "1881"]
[BlackElo "1937"]
[PlyCount "64"]
[EventDate "2007.12.27"]
[EventType "team-swiss"]
[EventRounds "7"]
[EventCountry "GER"]
[SourceTitle "EXT 2022"]
[Source "ChessBase"]
[SourceDate "2021.10.06"]
[SourceVersion "1"]
[SourceVersionDate "2021.10.06"]
[SourceQuality "1"]
[WhiteTeam "Grossenseebach U20"]
[BlackTeam "Kelheim SK U20"]
[WhiteTeamCountry "GER"]
[BlackTeamCountry "GER"]

1. d4 Nf6 2. c4 e6 3. Nf3 d5 4. Nc3 c5 5. Bg5 Be7 6. e3 cxd4 7. Nxd4 Nc6 8. cxd5 exd5 9. Bb5 Qd6 10. Qb3 0-0 11. Bf4 Qc5 12. Bxc6 bxc6 13. 0-0 Bd7 14. Rac1 Qb4 15. Qxb4 Bxb4 16. Na4 Ne4 17. Nb3 Rac8 18. Rfd1 Rfe8 19. f3 g5 20. a3 Bf8 21. fxe4 gxf4 22. Nac5 Bg4 23. Re1 fxe3 24. Rxe3 Kh8 25. h3 Bh5 26. Nd4 Bh6 27. Rce1 Bxe3+ 28. Rxe3 dxe4 29. Nf5 Re5 30. Nd6 Rd8 31. Ncb7 Rd7 32. b4 Rd5 0-1

[Event "GER-chT U20"]
[Site "Kelheim"]
[Date "2007.12.29"]
[Round "5.3"]
[White "Hoffmann, Lena"]
[Black "Grafl, Pascal"]
[Result "0-1"]
[WhiteElo "1683"]
[BlackElo "1937"]
[PlyCount "48"]
[EventDate "2007.12.27"]
[EventType "team-swiss"]
[EventRounds "7"]
[EventCountry "GER"]
[SourceTitle "EXT 2022"]
[Source "ChessBase"]
[SourceDate "2021.10.06"]
[SourceVersion "1"]
[SourceVersionDate "2021.10.06"]
[SourceQuality "1"]
[WhiteTeam "Stadtilm Blau Weiss U20"]
[BlackTeam "Kelheim SK U20"]
[WhiteTeamCountry "GER"]
[BlackTeamCountry "GER"]

1. Nc3 d5 2. e4 dxe4 3. Nxe4 e5 4. Nf3 Nc6 5. Bc4 Be7 6. d3 Nf6 7. Ng3 Bg4 8. c3 0-0 9. 0-0 Nd5 10. h3 Be6 11. Bb5 f6 12. Bxc6 bxc6 13. d4 Bd6 14. Re1 Qc8 15. dxe5 fxe5 16. Nxe5 Nf4 17. Bxf4 Rxf4 18. Qd2 Rf6 19. Nh5 Rf5 20. Nxg7 Kxg7 21. Nxc6 Rf6 22. Qd3 Rg6 23. Kf1 Qg8 24. Nd4 Bc4 0-1

[Event "Oberpfalz-ch M2"]
[Site "Windischeschenbach"]
[Date "2007.04.01"]
[Round "3"]
[White "Buecherl, Konstantin"]
[Black "Grafl, Pascal"]
[Result "0-1"]
[WhiteElo "1991"]
[BlackElo "1809"]
[PlyCount "80"]
[EventDate "2007.03.31"]
[EventType "swiss"]
[EventRounds "8"]
[EventCountry "GER"]
[SourceTitle "EXT 2022"]
[Source "ChessBase"]
[SourceDate "2021.10.06"]
[SourceVersion "1"]
[SourceVersionDate "2021.10.06"]
[SourceQuality "1"]

1. e4 Nf6 2. e5 Nd5 3. b3 d6 4. Nf3 g6 5. c4 Nb6 6. d4 Bg7 7. Bb2 Nc6 8. Be2 0-0 9. 0-0 Nd7 10. exd6 exd6 11. Nbd2 Re8 12. Re1 Nf6 13. d5 Ne5 14. Nxe5 dxe5 15. Qc2 Bf5 16. Bd3 Bxd3 17. Qxd3 Nd7 18. Ne4 f5 19. Ng3 e4 20. Qc2 Ne5 21. Bxe5 Bxe5 22. Rad1 Qh4 23. Nf1 Re7 24. g3 Qf6 25. Re2 Rd8 26. Ne3 Red7 27. Qc1 g5 28. Nc2 h5 29. Qe3 a6 30. Red2 Bc3 31. Re2 c6 32. Qc5 Qe5 33. Nd4 cxd5 34. cxd5 Rc7 35. Qb6 Rxd5 36. Rc1 Rxd4 37. Rec2 Rd3 38. Qg6+ Rg7 39. Qxh5 b5 40. Qh6 a5 0-1

[Event "GER-chT U16"]
[Site "Berlin"]
[Date "2005.12.29"]
[Round "6.3"]
[White "Grafl, Pascal"]
[Black "Volz, Daniel"]
[Result "1/2-1/2"]
[WhiteElo "1650"]
[BlackElo "1428"]
[PlyCount "111"]
[EventDate "2005.12.27"]
[EventType "team-swiss"]
[EventRounds "7"]
[EventCountry "GER"]
[SourceTitle "EXT 2022"]
[Source "ChessBase"]
[SourceDate "2021.10.06"]
[SourceVersion "1"]
[SourceVersionDate "2021.10.06"]
[SourceQuality "1"]
[WhiteTeam "Kelheim SK U16"]
[BlackTeam "Ettlingen U16"]
[WhiteTeamCountry "GER"]
[BlackTeamCountry "GER"]

1. e4 e5 2. f4 Nf6 3. fxe5 Nxe4 4. Nf3 d5 5. d4 Bf5 6. Bd3 Bg6 7. 0-0 Be7 8. c4 c6 9. cxd5 cxd5 10. Bb5+ Nc6 11. Qa4 Qb6 12. Nc3 Nxc3 13. bxc3 0-0 14. Be3 a6 15. Bxc6 Qxc6 16. Qb3 b5 17. Rfc1 Rfc8 18. Bg5 Bf8 19. Kf2 h6 20. Bd2 Be7 21. Rg1 Rc7 22. g4 Rac8 23. Rac1 Qd7 24. Bf4 Rc6 25. h3 Qd8 26. g5 hxg5 27. Bxg5 Bxg5 28. Nxg5 Bf5 29. Rg3 Rg6 30. Rcg1 Rcc6 31. h4 f6 32. Nf3 Rxg3 33. Rxg3 Kh8 34. Qa3 Bh7 35. Kg1 Bf5 36. exf6 Rxf6 37. Ne5 Qf8 38. Qxf8+ Rxf8 39. Rf3 Kg8 40. Kf2 Bc8 41. Rxf8+ Kxf8 42. Ke3 Ke7 43. Kf4 Kf6 44. a3 Be6 45. Nc6 Bc8 46. Nb4 Bb7 47. h5 a5 48. Nd3 Bc8 49. Ne5 a4 50. Nc6 Be6 51. Nb8 Bc8 52. Nc6 Be6 53. Nb4 Bf7 54. Kg4 Be6+ 55. Kf4 Bf7 56. Kg4 1/2-1/2

[Event "Nittenau-ch 5th"]
[Site "Nittenau"]
[Date "2005.09.03"]
[Round "4"]
[White "Preischl, Manfred"]
[Black "Grafl, Pascal"]
[Result "0-1"]
[WhiteElo "1510"]
[BlackElo "1617"]
[PlyCount "62"]
[EventDate "2005.09.01"]
[EventType "swiss"]
[EventRounds "7"]
[EventCountry "GER"]
[SourceTitle "EXT 2008"]
[Source "ChessBase"]
[SourceDate "2007.11.25"]
[SourceVersion "1"]
[SourceVersionDate "2007.11.25"]
[SourceQuality "1"]

1. c4 Nf6 2. Nc3 e6 3. g3 c5 4. Bg2 g6 5. Nf3 Bg7 6. 0-0 0-0 7. Rb1 Nc6 8. a3 d5 9. cxd5 exd5 10. d4 cxd4 11. Nxd4 Nxd4 12. Qxd4 Bf5 13. Ra1 Be6 14. Rd1 Qa5 15. Bd2 Qa6 16. Qh4 Qb6 17. Na4 Qb5 18. e3 Ng4 19. Nc3 Qxb2 20. Nxd5 Rad8 21. Rab1 Qa2 22. Be1 h5 23. e4 Bd4 24. Rxb7 Bxf2+ 25. Bxf2 Qxf2+ 26. Kh1 Qe2 27. Ne7+ Kg7 28. Rf1 Rd2 29. Rxf7+ Rxf7 30. Nf5+ Bxf5 31. Rxf7+ Kxf7 0-1

[Event "Nittenau-ch 5th"]
[Site "Nittenau"]
[Date "2005.09.02"]
[Round "3"]
[White "Grafl, Pascal"]
[Black "Schweizer, Marina"]
[Result "1-0"]
[WhiteElo "1617"]
[BlackElo "1060"]
[PlyCount "109"]
[EventDate "2005.09.01"]
[EventType "swiss"]
[EventRounds "7"]
[EventCountry "GER"]
[SourceTitle "EXT 2008"]
[Source "ChessBase"]
[SourceDate "2007.11.25"]
[SourceVersion "1"]
[SourceVersionDate "2007.11.25"]
[SourceQuality "1"]

1. d4 d5 2. c4 e6 3. Nc3 Nf6 4. Nf3 Be7 5. Bg5 Nbd7 6. e3 0-0 7. Qb3 c6 8. Bd3 Re8 9. 0-0 Rb8 10. Rac1 Nb6 11. Ne5 dxc4 12. Nxc4 Nxc4 13. Qxc4 b5 14. Qb3 Rb7 15. Bb1 g6 16. Bxf6 Bxf6 17. Ne4 Bg7 18. Rxc6 Bd7 19. Rcc1 Qe7 20. Nc5 Rc7 21. Nxd7 Rxc1 22. Rxc1 Qxd7 23. Rc5 a6 24. Be4 Qd8 25. Rc6 Qa5 26. Kf1 b4 27. Qc4 Qh5 28. Bf3 Qxh2 29. Qxb4 Qh1+ 30. Ke2 Qb1 31. Rxa6 Qc2+ 32. Qd2 Qc4+ 33. Qd3 Qc1 34. Qc3 Qa1 35. a3 Rb8 36. Ra8 Rxa8 37. Bxa8 Qh1 38. b4 Qh5+ 39. Bf3 Qb5+ 40. Qd3 Qd7 41. Qa6 Qc7 42. Qc6 Qe7 43. Qc5 Qd8 44. a4 Bf8 45. Qc3 Qb6 46. b5 Qa7 47. a5 Qd7 48. Qc6 Qe7 49. Qc5 Qd8 50. Qb6 Qe7 51. Bc6 Qb4 52. a6 Qb2+ 53. Kf3 Qc1 54. Qd8 Qd1+ 55. Kg3 1-0

[Event "Nittenau-ch 5th"]
[Site "Nittenau"]
[Date "2005.09.01"]
[Round "1"]
[White "Grafl, Pascal"]
[Black "Stoeckl, Stephan"]
[Result "0-1"]
[WhiteElo "1617"]
[BlackElo "2021"]
[PlyCount "66"]
[EventDate "2005.09.01"]
[EventType "swiss"]
[EventRounds "7"]
[EventCountry "GER"]
[SourceTitle "EXT 2008"]
[Source "ChessBase"]
[SourceDate "2007.11.25"]
[SourceVersion "1"]
[SourceVersionDate "2007.11.25"]
[SourceQuality "1"]

1. e4 c5 2. Nf3 e6 3. d4 cxd4 4. Nxd4 Nf6 5. Nc3 Nc6 6. Be3 Bb4 7. f3 d5 8. Nxc6 bxc6 9. e5 Nd7 10. f4 0-0 11. a3 Bxc3+ 12. bxc3 c5 13. Be2 Bb7 14. 0-0 Rb8 15. Bb5 Rc8 16. Rb1 Nb6 17. Be2 Rc7 18. Rb5 Na4 19. Qa1 Ba6 20. Ra5 Bxe2 21. Rf2 Bc4 22. Rxa4 Bb5 23. Ra5 Rb7 24. Rxb5 Rxb5 25. a4 Qa5 26. Rf1 Rb7 27. Qa3 Rc8 28. f5 exf5 29. Rxf5 Rb1+ 30. Kf2 d4 31. Bd2 Qa6 32. Kg3 Qg6+ 33. Rg5 Qxc2 0-1

[Event "Nittenau-ch 04th"]
[Site "Nittenau"]
[Date "2004.08.28"]
[Round "3"]
[White "Grafl, Pascal"]
[Black "Schweizer, Marina"]
[Result "1-0"]
[WhiteElo "1208"]
[BlackElo "844"]
[PlyCount "65"]
[EventDate "2004.08.27"]
[EventType "swiss"]
[EventRounds "5"]
[EventCountry "GER"]
[SourceTitle "EXT 2022"]
[Source "ChessBase"]
[SourceDate "2021.10.06"]
[SourceVersion "1"]
[SourceVersionDate "2021.10.06"]
[SourceQuality "1"]

1. d4 d5 2. c4 dxc4 3. e3 Be6 4. Nc3 Nf6 5. e4 g6 6. d5 Bd7 7. e5 Ng4 8. f4 Bf5 9. h3 Nh6 10. Bxc4 Bg7 11. Qb3 0-0 12. e6 f6 13. Qxb7 Nd7 14. exd7 Qxd7 15. Qc6 Qc8 16. Be3 Qb8 17. 0-0-0 Qb4 18. Qc5 Qb8 19. d6+ e6 20. g4 Rd8 21. gxf5 cxd6 22. Qb5 Qc7 23. fxe6 Kf8 24. Nd5 Qc8 25. e7+ Kf7 26. Nb6+ d5 27. Nxc8 Rdxc8 28. Qxd5+ Kxe7 29. Bc5+ Rxc5 30. Qxc5+ Ke8 31. Qc6+ Kf8 32. Qxa8+ Ke7 33. Qd8# 1-0